Normal view MARC view
  • Mohd. Zahari Ishak

Entry Personal Name

Number of records used in: 3

001 - CONTROL NUMBER

  • control field: 518

003 - CONTROL NUMBER IDENTIFIER

  • control field: OSt

005 - DATE AND TIME OF LATEST TRANSACTION

  • control field: 20170427095601.0

008 - FIXED-LENGTH DATA ELEMENTS

  • fixed length control field: 170427|| aca||aabn | a|a d

040 ## - CATALOGING SOURCE

  • Original cataloging agency: OSt
  • Transcribing agency: OSt

100 ## - HEADING--PERSONAL NAME

  • Personal name: Mohd. Zahari Ishak

670 ## - SOURCE DATA FOUND

  • Source citation: Work cat.: (OSt)0: Mohd. Zahari Ishak, Penerapan nilai-nilai islam /, 2006
Pusat Sumber Maklumat Dato' Haji Sarmin Md Hussin, Akademi Kastam Diraja Malaysia, Melaka
Tel: 06-2331106 | Faks: 06-2313787